<?xml version="1.0" encoding="UTF-8"?>
<marc:record xmlns:marc="http://www.loc.gov/MARC21/slim">
   <marc:leader>00000nam a2200000 a 4500</marc:leader>
   <marc:datafield ind1="0" ind2="0" tag="245">
      <marc:subfield code="a">Marshall allein zu Haus</marc:subfield>
   </marc:datafield>
   <marc:datafield ind1="0" ind2="0" tag="245">
      <marc:subfield code="b">4 spannende Abenteuer</marc:subfield>
   </marc:datafield>
   <marc:datafield ind1=" " ind2="1" tag="264">
      <marc:subfield code="a">München</marc:subfield>
      <marc:subfield code="b">Universum Audio</marc:subfield>
      <marc:subfield code="c">2019</marc:subfield>
   </marc:datafield>
   <marc:datafield ind1="1" ind2=" " tag="490">
      <marc:subfield code="a">Paw Patrol</marc:subfield>
   </marc:datafield>
   <marc:datafield ind1="1" ind2=" " tag="520">
      <marc:subfield code="a">PAW Patrol: Das sind Chase, Marshall, Rocky, Zuma, Rubble und Skye. Die sechs heldenhaften Hunde werden von dem 10-jährigen Technikliebhaber Ryder angeführt. Mit ihren ganz speziellen Fähigkeiten und coolen Fahrzeugen, schaffen sie es jede Mission zu bewältigen - egal wie groß die Herausforderung scheint! Dieses Mal bleibt Marshall ganz alleine zu Hause, denn die anderen trainieren das Fallschirmspringen und außerdem braucht auch Käpt'n Tollpatsch die Hilfe der Fellfreunde, denn in seinem Leuchtturm hat sich ein Bienenschwarm eingenistet. Für die PAW Patrol gilt: Kein Einsatz zu groß, keine Pfote zu klein!</marc:subfield>
   </marc:datafield>
   <marc:datafield ind1="0" ind2=" " tag="490">
      <marc:subfield code="v">0</marc:subfield>
   </marc:datafield>
   <marc:datafield ind1=" " ind2=" " tag="300">
      <marc:subfield code="a">58 Min.</marc:subfield>
   </marc:datafield>
</marc:record>
